〈モンハン〉14種類の武器 - Statistics

General Stats
  • This quiz has been taken 145 times
  • The average score is 13 of 14
Answer Stats
Picture Answer % Correct
大剣
96%
双剣
96%
ハンマー
96%
96%
太刀
95%
片手剣
95%
ランス
95%
ガンランス
87%
ライトボウガン
87%
ヘビィボウガン
87%
スラッシュアックス
85%
狩猟笛
84%
操虫棍
84%
チャージアックス
83%
No matching quizzes found
Score Distribution
Percent of People with Each Score
Percentile by Number Answered
Your Score History
You have not taken this quiz